00335nam a2200121Ia 4500008004100000041000800041082001900049100002600068245005700094250001400151260003600165300001200201231229s2021 xx 000 0 und d aeng a808.06634bRET aRETAWADE (Rajaram S.) aLegal Drafting: Drafting, Pleadings and Conveyancing a18th Rep. aPunebHind Law House Punec2021 aiv, 750